| 000 | 00345nam a2200133Ia 4500 | ||
|---|---|---|---|
| 008 | 240624s9999 xx 000 0 und d | ||
| 041 | _aeng | ||
| 082 | _a657 OLI | ||
| 100 | _aOLIVER LIANABEL | ||
| 245 | _aCOST MANAGEMENT TOOLBOX A MANAGER S GUID | ||
| 260 |
_c2000 _aNew York _bAMACOM |
||
| 300 | _axiii, : 353 : p. : cm. ; 23 | ||
| 365 |
_c _b28 |
||
| 999 |
_c22016 _d22016 |
||